| 000 | 01008nam a2200289 4500 | ||
|---|---|---|---|
| 001 | 8605 | ||
| 003 | BD-RjUL | ||
| 005 | 20211208234623.0 | ||
| 008 | 190114r19771971ne a b 001 0 eng | ||
| 020 | _a0444101179 (American Elsevier) | ||
| 035 | _a(BD-RjUL)8650 | ||
| 040 |
_aDLC _cDLC _dDLC _dBD-RjUL _beng |
||
| 041 | _aeng | ||
| 082 | 0 | 0 |
_a519.5 _218 _bSTA 1977 |
| 245 | 0 | 0 |
_aStatistical methods in experimental physics / _cW. T. Eadie... [et. al]. |
| 260 |
_aAmsterdam : _bNorth-Holland Pub. Co.; _aNew York : _bAmerican Elsevier Pub. Co., _cc1971 [Printing 1977]. |
||
| 300 |
_axii, 296 p. : _billus. ; _c27 cm. |
||
| 500 | _a"Sole distributors for the USA and Canada: American Elsevier Publishing Company, New York." | ||
| 504 | _aBibliography: p. 288-291. | ||
| 650 | 0 |
_aPhysical measurements. _936 |
|
| 650 | 0 |
_aMathematical statistics. _926812 |
|
| 650 | 0 |
_aMathematical optimization. _926813 |
|
| 700 | 1 |
_aEadie, W. T. _926814 |
|
| 942 |
_2ddc _cBK |
||
| 999 |
_c8605 _d8605 |
||